000 03884nam a2200409 a 4500
001 Z_6002
003 CHAP
005 20240610142438.0
007 ta
008 220113s1988 mx a gr 001 0 spa d
010 _a169214
020 _a968-23-0058-4
040 _aZ
_cCHAP
041 1 _bEspañol
_fEspañol
082 0 0 _a338.1697217
_bH49 1988
_220
100 1 _aHewitt de Alcántara, Cynthia
_955095
_eautor
245 1 3 _aLa modernización de la agricultura mexicana 1940 - 1970 /
_cCynthia Hewitt de Alcántara; traductor Félix Blanco
250 _a6 edición
264 1 _aMéxico :
_bSiglo XXI Editores,
_c1988
300 _a319 páginas :
_btablas
490 1 _aEconomía y demografía (Siglo XXI Editores)
500 _aej.1: C/E
504 _aBibliografía: páginas 305 - 319
505 0 _aPrefacio -- Advertencia -- Primera parte: La estrategia mexicana de modernización agrícola -- 1. La implicaciones sociales de la investigación agrícola en México -- 2. El marco institucional par el crecimiento agrícola -- 3. Modernización agrícola y desarrollo -- Segunda parte: Estudio del caso Sonora -- Introducción -- 4. La agricultura capitalistas moderna en Hermosillo y el valle del Yaqui -- 5. La tecnología y los ejidos -- 6. Pomta: La modernización de la agricultura en una comunidad yaqui -- 7. Urbanización y desarrollo regional -- Tercera parte: Resumen y conclusiones -- Bibliografía
520 _aEl cuadro que se desprende de esta mirada retrospectiva a la modernización del agro en México después de la guerra es de desperdicio: desperdicio de los recursos naturales, en especial de las reservas hídricas del subsuelo, por agricultores imbuidos de una "mentalidad minera"; desperdicio de insumos agrícolas manufacturados (y de las divisas extranjeras necesarias para adquirir muchos de sus componentes) en el proceso de modernizar la agricultura en los distritos de riego, sin el tipo de planeación requerida para utilizar con eficiencia esos insumos; desperdicio de las utilidades generadas por el rápido cambio tecnológico, que fueron a parar a consumo ostentoso e inversiones especulativas en lugar de aplicarse a la creación de nuevas fuentes de empresas productivas; y, por encima de todo, desperdicio de la experiencia acumulada por los trabajadores sin tierra cuya presencia en los campos mecanizados era menos importante cada año que pasaba, por los ejidatarios y colonos cuyo control sobre su propia tierra se les escapó de las manos en el curso de la tecnificación agrícola, y por la mayoría de los agricultores de temporal del campo, que fueron abandonados durante tres décadas para que sobrevivieran como pudieran. Esta estrategia sirvió sin duda, a plazo breve, para la finalidad inmediata que se proponía: la producción y productividad de granos y fibras aumentaba gracias a "la revolución verde" lo suficiente para alimentar, por un tiempo, a la creciente población urbana de una nación en proceso de industrialización; y grandes cantidades de productos agrícolas se pusieron de este modo directamente a disposición de la industria, así como de la exportación. Sin embargo, dado el tipo de crecimiento industrial con el que estaba asociada, la modernización agrícola del México de la posguerra resultó extraordinariamente costosa.
534 _pTítulo original:
_tModernizing mexican agriculture: socieconomic implications of technological change 1940-1970
650 1 3 _9148371
_aIndustria agrícola
_yMéxico
_x
650 1 0 _aModernización agrícola y desarrollo
_9143664
_zSonora
650 1 0 _aCrecimiento agrícola
_9143663
650 _aInvestigación agrícola
_9142915
700 _aBlanco, Félix
_9153968
_eTraductor
830 4 _aEconomía y demografía (Siglo XXI Editores)
_935280
901 _a338.10972 H49
902 _aA
910 _a1988
942 _cLIBRO
_2ddc
999 _c169214
_d169214